| 000 | 00430nam a22001697a 4500 | ||
|---|---|---|---|
| 003 | OSt | ||
| 005 | 20211112155244.0 | ||
| 008 | 211112b |||||||| |||| 00| 0 eng d | ||
| 020 | _a0-8247-0144-5 | ||
| 040 | _cHawassa University | ||
| 050 |
_a641.3/HIR _b3 |
||
| 082 |
_a641.3/HIR _b3 |
||
| 100 |
_aHirasa,Kenji _918181 |
||
| 245 | _aSpice Science and Technology | ||
| 260 |
_aNew York _bCRC Press _c1998 |
||
| 942 |
_2ddc _cBOOKS _n0 |
||
| 999 |
_c18037 _d18037 |
||